Complétez le titre du film avec une image #2 - Statistiques

Statistiques générales
  • Ce quiz a été pris 414 fois
  • Le résultat moyen est 9 sur 12
Statistiques - réponses
Hint Réponse % Correct
Les ____ Commandements
94%
Le père Noël est une ____
93%
____ avec les loups
90%
____ vers le futur
90%
La colline a des ____
87%
Il faut sauver le soldat ____
85%
Le ____ sifflera trois fois
81%
Le ____ Bain
78%
Qu'est-ce qu'on a fait au ____ Dieu ?
78%
Bagdad ____
64%
La Nuit du ____
50%
Le ____ express
46%
Aucun quiz correspondant
Distribution des résultats
% des personnes avec chaque résultat
Percentile par nombre de réponses
Votre historique - résultats
Vous n’avez pas pris ce quiz